|
|
|
|
| LEADER |
00000naa a2200000 i 4500 |
| 001 |
publ1943 |
| 005 |
20221130150952.0 |
| 008 |
221129s2022 hu o 000 zxx d |
| 024 |
|
|
|a 10.29180/9786156342409_5
|2 doi
|
| 040 |
|
|
|a BGE Publikációtár Repozitórium
|b hun
|
| 100 |
1 |
|
|a Szennay Áron
|
| 245 |
1 |
0 |
|a Rendezvények környezeti hatásainak mérési lehetőségei
|c Szennay Áron
|h [elektronikus dokumentum]
|
| 260 |
|
|
|a Budapesti Gazdasági Egyetem
|b Budapest, Magyarország
|c 2022
|
| 300 |
|
|
|a 56-66
|
| 490 |
0 |
|
|a Diszkussziók gazdasági és pénzügyi kihívásokról, fenntarthatóságól és szabályozói megfelelőségről a covid alatt
|
| 520 |
3 |
|
|a Az egyes rendezvények, így például a fesztiválok, konferenciák, expók, vagy akár esküvők jelentős mobilitási keresletet támasztanak, amely nagymértékű környezetterhelést eredményez. Ez negatív hatások csökkentése érdekében a szervezőknek elsőként szükséges megismerniük a hatások nagyságát és összetételét. A tanulmányban – a szerző korábbi, hasonló témában megjelent kutatásaira építve – egy könnyen használható, egyszerű, de megbízható eredményeket biztosító CO2 kibocsátás, illetve ökológiai lábnyom számítási módszertant mutatunk be és tesztelünk három valós konferencia példáján. Az eredmények alapján a rendezvények online tartása rendkívüli mértékben járulhat hozzá az üvegházgázok csökkentéséhez. Azokban az esetekben, amikor a személyes kontaktus elkerülhetetlen, a közelebbi, lehetőség szerint közösségi közlekedéssel is megközelíthető helyszín választásával, illetve a hibridizációval érthető el jelentős megtakarítás a CO2 kibocsátásban. Az újabb tapasztalatok emellett hozzájárulhatnak a módszertan további fejlesztéséhez is.
|
| 650 |
|
4 |
|a gazdálkodás- és szervezéstudományok
|
| 695 |
|
|
|a környezeti hatások mérése
|
| 695 |
|
|
|a ökológiai lábnyom
|
| 856 |
4 |
0 |
|u https://publikaciotar.uni-bge.hu/id/eprint/1943/1/Szennay.pdf
|z Dokumentum-elérés
|